00454nmm a2200169Ia 4500008004100000020001500041041000800056100002700064245001800091264004300109300001800152490002200170650001900192856004900211942000700260999001700267251105s9999||||xx |||||||||||||||||und|| a8496049655 aspa ade Ory, Carlos Edmundo 0aLos aerolitos a[Madrid, España] :bCalambur, c2006 a196 páginas aCalambur Poesía aSpanish poetry uhttps://public.digitaliapublishing.com/a/864 cCF c73999d73999